• 首页
  • 本馆介绍
  • 公告通知
  • 最新文献
  • 馆藏检索
  • 电子资源
  • 读者导购
  • 参考咨询
  • 我的图书馆
  • 登录
  • 详细信息显示
  • 放入我的书架
  • 预约/预借图书
  • 作者相关作品
  • 分类相关作品
  • 丛书相关作品
  • 出版社相关作品

书目信息

  • 表格格式
  • 工作单格式
  • 卡片格式
题名:
直通新三板
    
 
作者: 江安海 编著
分册:  
出版信息: 北京   中国经济出版社  2018
页数: 275页
开本: 24cm
丛书名:
单 册:
中图分类: F279.24
科图分类:
主题词: 中小企业--企业融资--研究--中国
电子资源:
ISBN: 978-7-5136-5045-8
000 01031nam0 2200253 45
001 012001005599
005 20080820114800.0
010    @a978-7-5136-5045-8@dCNY58.00
100    @a20180714d2018 em y0chiy50 ea
101 0  @achi
102    @aCN@b110000
105    @ay z 000yy
106    @ar
200 1  @a直通新三板@9zhi tong xin san ban@e中小微企业资本突围的机会和挑战@dNEEQ@emedium-sized and small enterprises opportunity & challenge@f江安海编著@zeng
210    @a北京@c中国经济出版社@d2018
215    @a275页@d24cm
300    @a并列题名:NEEQ
330    @a本书注重“新三板”的实务与热点,以丰富的案例、清晰的操作流程,兼顾资本市场的理论和政策,带领读者全方位、多角度、近距离地感受“新三板”,是了解“新三板”、做好“新三板”挂牌的实操性指导手册。
510 1  @aNEEQ@emedium-sized and small enterprises opportunity & challenge@zeng
606 0  @a中小企业@x企业融资@x研究@y中国
690    @aF279.24@v5
701  0 @a江安海@9jiang an hai@4编著
801  0 @aCN@b上海新华@c20180901
905    @b1174591-5@dF279.24@e1663@f5
    
    直通新三板:中小微企业资本突围的机会和挑战=NEEQ:medium-sized and small enterprises opportunity & challenge/江安海编著.-北京:中国经济出版社,2018
    275页;24cm
    并列题名:NEEQ
    
    ISBN 978-7-5136-5045-8:CNY58.00
    本书注重“新三板”的实务与热点,以丰富的案例、清晰的操作流程,兼顾资本市场的理论和政策,带领读者全方位、多角度、近距离地感受“新三板”,是了解“新三板”、做好“新三板”挂牌的实操性指导手册。
●
相关链接 在E读中查询图书 在五车中查询图书 在当当中查询图书 在豆瓣中查询图书


正题名:直通新三板     索取号:F279.24/1663         预约/预借

序号 登录号 条形码 馆藏地/架位号 状态 备注
1 1174591   211745913   第一样本阅览室/ [索取号:F279.24/1663] 在馆    
2 1174592   211745922   第一借阅区/ [索取号:F279.24/1663] 在馆    
3 1174593   211745931   第一借阅区/ [索取号:F279.24/1663] 在馆    
4 1174594   211745940   第一借阅区/ [索取号:F279.24/1663] 在馆    
5 1174595   211745959   密集书库-海洋学院/ [索取号:F279.24/1663] 在馆    
唐山师范学院图书馆 欢迎您!
大连网信软件有限公司© 版权所有